MARC

Tag First Indicator Second Indicator Subfields
LEADER 00000cam a2200000 i 4500
001 in00000809621
005 20151017100439.0
008 790711n1979 dcua f00010 eng d
010 |a gp 79017122  
020 |c pbk. 
035 |a (OCoLC)05152386 
035 |9 ADT3263AM 
040 |a COO  |c COO  |d GPO  |d UtOrBLW 
043 |a n-us---  |a e-ur--- 
074 |a 875 
086 |a S 1.71:311 
110 1 |a United States.  |b Department of State.  |b Bureau of Public Affairs. 
245 1 0 |a SALT II basic guide :  |b a special report /  |c United States, Dept. of State, Bureau of Public Affairs. 
264 1 |a Washington :  |b Dept. of State, Bureau of Public Affairs, Office of Public Communication,  |c 1979. 
300 |a 12 pages : illustrations ; 23 cm. 
336 |a text  |b txt  |2 rdacontent 
337 |a unmediated  |b n  |2 rdamedia 
338 |a volume  |b nc  |2 rdacarrier 
490 1 |a Department of State publication. General foreign policy series ;  |v 311 
490 1 |a Department of State publication ; 8974 
500 |a May 1979. 
611 2 0 |a Strategic Arms Limitation Talks. 
710 1 |a United States.  |b Department of State.  |b Office of Public Communication. 
740 0 |a SALT 2 basic guide. 
740 0 |a SALT two basic guide. 
830 0 |a Department of State publication.  |p General foreign policy series ;  |v 311. 
830 0 |a Department of State publication ;  |v 8974. 
999 |a MARS 
999 f f |s 99d3082d-e2d3-3637-ba9c-9d90865e117a  |i 36e9c40e-c81a-30cb-aff4-40ad5b9f3a6e  |t 0 
952 f f |p normal  |a Texas A&M University  |b College Station  |c Sterling C. Evans Library  |d Evans: US Documents (Annex 5th floor)  |t 0  |e S 1.71:311  |h Superintendent of Documents classification  |i unmediated -- volume  |m A14817517277 
998 f f |a S 1.71:311  |t 0  |l Evans: US Documents (Annex 5th floor)